01082nam a2200229 a 450000100100000000500170001000800410002704000250006808200160009310000300010924501150013926000420025430000200029659000610031670000430037770000430042004900090046395201290047295201140060195201200071599900170083500002771320200930031034.0110404s2004 dr 000 0 spa d aDO-SdBNPbspacBNPHU axxxxbH557q1 aHernández, Julio95478710aA quien pueda interesar /cJulio Hernández, Maniocatex Hernández Rosario ; prólogo Margarita Corporán. aSanto Domingo :bGraficarf,c[20--?]. a72 p. ;c18 cm. aLa biblioteca posee 1 ejemplar autografiado por el autor1 aHernández Rosario, Maniocatex9547881 aCorporán, Margarita,epról.954789 aBNPD 001054708DSaGRbGRcCTd2011-04-04iLF1l0oxxxx H557qp27713-30r2020-06-25te. 3w2020-06-25yLFDSZPréstamo en sala 0010718PDaPDbPDcCTd2011-04-04iLF1l0oxxxx H557qp27713-10r2020-06-25w2020-06-25yLFPDZNo se presta 0010718PDaPDbPDcCTd2011-04-04iLF1l0oxxxx H557qp27713-20r2020-06-25te. 2w2020-06-25yLFPDZNo se presta c27205d27205